| 000 | 00614nam a22001817a 4500 | ||
|---|---|---|---|
| 003 | BD-DhUL | ||
| 005 | 20180508110323.0 | ||
| 008 | 180508s1989 bg ||||| |||| 00| 0 ben d | ||
| 040 |
_aBD-DhUL _cBD-DhUL |
||
| 082 |
_a891.443 _bARS |
||
| 100 | 1 | _a চৌধুরী, অরুণ | |
| 245 | 0 | 0 |
_aসকাল বেলার ফুল / _cঅরুণ চৌধুরী |
| 260 |
_aঢাকা : _bবিদ্যাপ্রকাশ, _c১৯৮৯। |
||
| 300 |
_a৮৮ পৃ. ; _c২২ সেমি. |
||
| 650 | 4 | _aবাংলা উপন্যাস | |
| 650 | 4 | _aBengali fiction | |
| 942 |
_2ddc _cBK |
||
| 999 |
_c241063 _d241063 |
||